000 00851nam a22002177a 4500
999 _c649
_d649
003 AR-CdUCM
008 190225b ||||| |||| 00| 0 spa d
040 _aMUNICIPALIDAD PROVINCIAL DEL CUSCO
_cBIBLIOTECA MUNICIPAL DEL CUSCO
082 _a869.56 /
_bV18
100 _aValcarcel, Gustavo
_9737
245 _aURSS: Medio siglo de revolución invencible :
_b(Segunda parte de "reportaje al futuro" crónicas de un viaje a la URSS) /
260 _aLima :
_bEdiciones unidad,
_c1967.
300 _a324 páginas ;
_c17 cm.
500 _aDonacion de la Familia Nieto ejemplar 2 Dedicatoria a Luis Nieto ejemplar 2
505 _aPrimavera en Moscú -- Leningrado, la heroica -- La resurrección de Minsk ...
650 _aRevolución.
_9844
650 _aRusia.
_9499
650 _aLeningrado.
_92518
942 _2ddc
_cLIBROS
945 _apjha
_d2019-02-25